01668 2200385 4500001002100000005001500021035002000036008004100056020001500097041000800112082001300120084001900133100001300152245007700165260003100242300002500273520054500298650005500843990002400898990002400922990002400946990002400970990002400994990002401018990002401042990002401066990002401090990002401114990002401138990002401162990002401186990002401210990002401234990002401258INLIS00000000000928720221110085035 a0010-0520009287221110 g 0 ind  aISBN 23893 aind a320.9598 a320.9598 SOE s0 aSoenarko1 aSusunan Negara Kita IV :bAzas dan Dasar Pemerintahan Otonom /cSoenarko aMalang :bDjambatan,c1958 ax, 200 hlm. ;c20 cm aDalam buku Susunan Negara Kita ke III, penulis menggambarkan pertumbuhan di sekitar pemerintahan daerah otonom menurut Undang-Undang Nmor 22 Tahun 1948 selama sekitar setengah abad di Indonesia sebagai suatu bahan persiapan untuk memahami corak otonomi pada masa tersebut seperti diuraikan dalam Buku Susunan Negara Kita ke IV. Pertumbuhan itu tak luput dari pengaruh revolusi, yang dalam lapangan pemerintahan daerah juga memberi dorongan-dorongan ke arah perubahan dan penyempurnaan sesuai dengan dasar-dasar kenegaraan kita pada umumnya. 4aIndonesia -- Politics and government -- 1950-1966. a23893/MKRI-P/I-2015 a23894/MKRI-P/I-2015 a23895/MKRI-P/I-2015 a23896/MKRI-P/I-2015 a23896/MKRI-P/I-2015 a23893/MKRI-P/I-2015 a23894/MKRI-P/I-2015 a23895/MKRI-P/I-2015 a23893/MKRI-P/I-2015 a23894/MKRI-P/I-2015 a23895/MKRI-P/I-2015 a23896/MKRI-P/I-2015 a23894/MKRI-P/I-2015 a23893/MKRI-P/I-2015 a23895/MKRI-P/I-2015 a23896/MKRI-P/I-2015